Process capability indices
Saved in:
| Main Authors: | , |
|---|---|
| Format: | Book |
| Language: | English |
| Published: |
Londres
Chapman and Hall
1993
|
| Subjects: | |
| Tags: |
Add Tag
No Tags, Be the first to tag this record!
|
MARC
| LEADER | 00000nam a2200000 a 4500 | ||
|---|---|---|---|
| 001 | UCX7108 | ||
| 003 | CL-VaPUC | ||
| 008 | 931126e19930000UK |||||||||||||||||eng|d | ||
| 082 | 0 | 4 | |a 519.24 |b KOT |2 21 |
| 100 | |a Kotz, Samuel |e author |9 521326 | ||
| 700 | |a Johnson, Norman Lloyd |e author |9 429586 | ||
| 245 | 1 | 0 | |a Process capability indices |
| 300 | |a 212 p | ||
| 942 | |c BK | ||
| 945 | |d 19931126 00:00:00 |a mfernand | ||
| 260 | |a Londres |b Chapman and Hall |c 1993 | ||
| 650 | 7 | |a DISTRIBUCION TEORIA DE LA PROBABILIDAD |2 CL-VaPUC |9 270606 | |
| 583 | |a last modification |c 19931126 00:00:00 |k Rodrigo Vera | ||
| 999 | |c 227021 |d 227019 | ||
| 952 | |0 0 |1 0 |4 0 |6 519_240000000000000_KOT_1993 |7 0 |8 A |9 225776 |a BIBGIM |b BIBGIM |d 2019-11-15 |i 294488K |o 519.24 KOT 1993 |p 294488K |r 2025-01-15 |w 2019-11-15 |y BK |k EST | ||